| 000 | 01260cam a2200373 4500 | ||
|---|---|---|---|
| 001 | 4548237 | ||
| 003 | Nust | ||
| 005 | 20220831122606.0 | ||
| 008 | 711214s1971 enk b 000 1 eng | ||
| 010 | _a 70870112 | ||
| 015 | _aB71-22253 | ||
| 020 |
_a1853260436 (pbk) _cRs. 340 |
||
| 038 | _aArshad | ||
| 040 |
_aDLC _cDLC _dDLC |
||
| 050 | 0 | 0 |
_aPZ3.A93 _bN40 _aPR4034.N7 |
| 082 | 0 | 0 |
_a823 _bAUS |
| 100 | 1 |
_aAusten, Jane, _d1775-1817. _93693 |
|
| 245 | 1 | 0 |
_aNorthanger Abbey; _band, Persuasion; _cedited with an introduction by John Davie; textual notes and bibliography by James Kinsley. |
| 260 |
_aLondon, _aNew York, _bOxford University Press, _c1993. |
||
| 300 |
_axxii, 179 p. _c21 cm. |
||
| 490 | 0 | _aOxford English novels | |
| 504 | _aBibliography: p. [xxiii]-xxv. | ||
| 650 | 0 |
_aHorror tales _xAppreciation _vFiction. _911641 |
|
| 650 | 0 |
_aBooks and reading _vFiction. _91080 |
|
| 650 | 0 |
_aYoung women _vFiction. _93694 |
|
| 651 | 0 |
_aEngland _vFiction. _91072 |
|
| 655 | 7 |
_aGothic fiction. _2gsafd _910041 |
|
| 655 | 7 |
_aLove stories. _2gsafd _9418 |
|
| 655 | 7 |
_aSatire. _2lcsh _97757 |
|
| 700 | 1 | 2 |
_aAusten, Jane, _d1775-1817. _tPersuasion. _911642 |
| 740 | 0 | _aPersuasion. | |
| 906 |
_a7 _bcbc _corignew _d3 _encip _f19 _gy-gencatlg |
||
| 942 |
_2ddc _cBK |
||
| 999 |
_c48103 _d48103 |
||